Business driven technology / (Record no. 5858)

MARC details
000 -LEADER
fixed length control field 00873cam a22002174a 4500
020 ## - INTERNATIONAL STANDARD BOOK NUMBER
ISBN 0073376841 (alk. paper)
022 ## - INTERNATIONAL STANDARD SERIAL NUMBER
ISSN 9780071317795
050 00 - CALL NUMBER
Classification number HD30.2
Item number .B18
100 1# - AUTHOR
Personal name Baltzan, Paige.
245 10 - TITLE
Title Business driven technology /
Statement of responsibility, etc Paige Baltzan.
250 ## - EDITION
Edition statement 5th ed.
260 ## - PUBLICATION INFORMATION
Place of publication New York :
Name of publisher McGraw-Hill/Irwin,
Year of publication c2013.
300 ## - DESCRIPTION
Number of Pages xxxix, 498, [69] p. :
Other physical details col. ill., col. maps ;
Dimensions 29 cm.
500 ## - NOTES
General note Includes index.
505 ## - FORMATTED CONTENTS NOTE
Table of Content Unit 1. Achieving Business Success --<br/>Unit 2. Exploring Business Intelligence --<br/>Unit 3. Streamlining Business Operations --<br/>Unit 4. Building Innovation --<br/>Unit 5. Transforming Organizations.
650 #0 - SUBJECTS
Topical Term Information technology
General subdivision Management.
650 #0 - SUBJECTS
Topical Term Management information systems.
650 #0 - SUBJECTS
Topical Term Information resources management.
650 #0 - SUBJECTS
Topical Term Industrial management
General subdivision Technological innovations.
942 ## - ADDED ENTRY ELEMENTS (KOHA)
Koha item type Books
Holdings
Withdrawn status Lost status Collection code Home library Current library Shelving location Date acquired Full call number Accession Number Koha item type
    Reference Methodist University Library Main Methodist University Library Main General Stacks   HD30.2 .B18 2007 Books
    Reference Methodist University Library Main Methodist University Library Main General Stacks   HD30.2 .B18 2006 Books
Copyright © 2026  MUG Library